Normal view MARC view
  • Project Supervisor Brig Dr. Tahir Zaidi Brig Dr Shoab Ahmad Khan

Entry Corporate Name

Number of records used in: 1

001 - CONTROL NUMBER

  • control field: 85698

003 - CONTROL NUMBER IDENTIFIER

  • control field: NUST

005 - DATE AND TIME OF LATEST TRANSACTION

  • control field: 20211203152345.0

008 - FIXED-LENGTH DATA ELEMENTS

  • fixed length control field: 211203|| aca||aabn | a|a d

040 ## - CATALOGING SOURCE

  • Original cataloging agency: NUST
  • Transcribing agency: NUST

110 ## - HEADING--CORPORATE NAME

  • Corporate name or jurisdiction name as entry element: Project Supervisor Brig Dr. Tahir Zaidi Brig Dr Shoab Ahmad Khan

670 ## - SOURCE DATA FOUND

  • Source citation: Work cat.: (NUST): Umm-e- Habiba Hussnain Ahmad Urooj Mehboob Muhammad Usama 85697, PR-SOF-2070-Real-Time Monitoring Analysis and Predictive Maintenance of Industrial Machinery Based on Industry 4.0 Concept Using Iots, 2021.
© 2023 Central Library, National University of Sciences and Technology. All Rights Reserved.